Ekonomické aspekty využitia obnoviteľných zdrojov energie bakalárska práca

Gespeichert in:
Bibliographische Detailangaben
1. Verfasser: Barburský, Vlastimil
Körperschaft: Podnikovohospodárska fakulta EU so sídlom v Košiciach. Katedra ekonómie
Weitere Verfasser: Stričík, Michal, 1969-
Format: Buch
Sprache:Slowakisch
Veröffentlicht: Košice 2010
Tags: Tag hinzufügen
Keine Tags, Fügen Sie das erste Tag hinzu!

MARC

LEADER 00000nbm a2200000 4500
001 0132892
005 20240827092151.7
041 0 |a slo 
044 |a SK 
245 1 0 |a Ekonomické aspekty využitia obnoviteľných zdrojov energie  |b bakalárska práca  |c Vlastimil Barburský ; školiteľ: Michal Stričík 
264 1 |a Košice  |c 2010 
300 |a 40 s. 
100 1 |a Barburský, Vlastimil 
700 1 |a Stričík, Michal, 1969- 
710 2 |a Podnikovohospodárska fakulta EU so sídlom v Košiciach. Katedra ekonómie